00479nam a2200193 a 4500001001300000003000900013005001700022008004100039020001000080082001300090100002100103245002800124260003500152300000800187500003500195505001100230650002300241700002100264nice12345678IN_TiNIC20260116011946.0050524s1956 hyda grp 000 0 urd  ac10000a297bVIL aVilayat Ali, Mir aKhulasa-I-Zawal-E-Ummat aHyderabadbIdara-E-ilmiac1956 a32p aincludes index and biblioraphy2 aThesis aIslam-20th Century1 aVilayat Ali, Mir